| 000 | 00781nam a22001937a 4500 | ||
|---|---|---|---|
| 005 | 20090124111127.0 | ||
| 008 | 090124c xxu||||| |||| 00| 0 eng d | ||
| 022 | _a0972-2874 | ||
| 082 | _a651.3741 | ||
| 245 | _aStudent company secretary | ||
| 260 |
_aNew Delhi _bInstitute of Company Secretaries of India _c2008- |
||
| 300 |
_av. _c26 cm |
||
| 310 | _amonthly | ||
| 650 | _aCompany secretary | ||
| 700 | _aJain N. K. | ||
| 270 |
_aICSI House, 22, Institutional Area _bNew Delhi _dIndia _e110003 _k24617321-24 _l24626727 _minfo@icsi.edu |
||
| 942 |
_2ddc _cSR _h651.3741 _mSTU _s1 |
||
| 999 |
_c22410 _d22410 |
||